000 00519nam a22001817a 4500
003 OSt
005 20260629115214.0
008 260629b |||||||| |||| 00| 0 eng d
020 _a1929024096
040 _cChuka University Library
050 _aLB 2844 .T67 2000
100 _aTorreano Joanna Montagna
_931422
245 _a500 Question and Answers For New Teachers
260 _aNorwood
_bChristorpher-Gordon Publishers
_c2000
300 _a176
650 _aFirst Years Teachers
_931423
942 _2lcc
_cBK
_n0
999 _c25322
_d25322